| 000 | 01034nam0a22002651 4500 | ||
|---|---|---|---|
| 001 | RU\NLR\INFOCOMM_161\5000070367 | ||
| 005 | 20250613093610.0 | ||
| 035 | _a(NLR Aleph) 009212052 | ||
| 090 |
_a8754714 _c8754714 |
||
| 100 | _a20100518d1951 |||y0rusy50 ca | ||
| 101 | 0 | _afre | |
| 102 | _aRU | ||
| 105 | _ay ||||000|y | ||
| 200 | 1 | _aRapport de la Commission internationale féminine pour l'enquête sur les atrocités commises par les troupes américaines et les troupes de Li Seung Man en Corée | |
| 210 |
_a[Μ. _d[1951] |
||
| 215 |
_a19 с. _d26 см |
||
| 311 | _aSuppl. à la revue Temps Nouveaux No 27 du 4 juillet 1951 | ||
| 422 | 0 |
_12001#$aTemps Nouveaux$vNo 27 du 4 juillet 1951 _tTemps Nouveaux |
|
| 686 |
_aИ(Корея) _2rubbk |
||
| 710 | 0 | 2 |
_aCommission internationale féminine pour l'enquête sur les atrocités commises par les troupes américaines et les troupes de Li Seung Man en Corée _4070 |
| 801 | 1 |
_aRU _bNLR _c20100518 |
|
| 801 | 0 |
_aRU _bNLR _gPSBO |
|
| 852 |
_aNLR _jИ91 Г-8/8 |
||
| 942 | _cBOOK | ||
| 980 | _aNB | ||